[Event "World-ch Carlsen-Karjakin +1-1=10"]
[Site "New York"]
[Date "2016.11.23"]
[Round "9"]
[White "Karjakin, Sergey"]
[Black "Carlsen, Magnus"]
[Result "1/2-1/2"]
[WhiteElo "2769"]
[BlackElo "2853"]
[Annotator "Caruana,Fabiano"]
[PlyCount "148"]
[EventDate "2016.11.11"]
[EventType "match"]
[EventRounds "12"]
[EventCountry "USA"]
[SourceTitle "CBM 176"]
[Source "ChessBase"]
[SourceDate "2017.01.17"]
[SourceVersion "1"]
[SourceVersionDate "2017.01.17"]
[SourceQuality "1"]

{The game after Carlsen's loss wasn't guaranteed to be exciting, but viewers were in for a surprise. I had expected a fairly tame draw, but instead we were treated to an extremely complex fighting game with an opening not usually seen at the top level.} 1. e4 e5 2. Nf3 Nc6 3. Bb5 a6 4. Ba4 Nf6 5. O-O b5 6. Bb3 Bc5 {The Archangel variation was certainly not expected by most people, and probably not by the Karjakin camp either. Playing it requires a tremendous amount of knowledge, so it's likely that Carlsen prepared it before the match as a backup to his main defenses. I have some experience playing this as Black against Karjakin, as it was my mainstay opening for a time, and we played several interesting games. As an attempt to win, it can work if the opponent is poorly prepared or surprised, but Karjakin proved up to the task.} 7. a4 Rb8 8. c3 d6 9. d4 Bb6 10. axb5 ({RR} 10. Na3 O-O 11. axb5 {½-½ (21) Danko,F (1831)-Mysiak,J (1842) Slovakia 2015}) 10... axb5 11. Na3 {Karjakin decided to go for the main and most principled line, immediately grabbing the b-pawn. It is what he recently played against Svidler and the most forcing variation, so he probably felt playing this way avoided the most amount of risk.} O-O 12. Nxb5 Bg4 13. Bc2 exd4 14. Nbxd4 Nxd4 15. cxd4 Bxf3 16. gxf3 Nh5 17. Kh1 {I always felt that this line was one of the most unpleasant for Black to face. White avoids any risk and hopes to prove the advantage of the bishop pair after the center opens up, usually when White sacrifices a pawn with e5 or f4. Meanwhile, Black has to constantly be on the lookout for tactics.} Qf6 18. Be3 c5 $5 {Years ago, as Rustam Kasimdzhanov was frying some plantains, he explained to me that this move was the best chance for Black to equalize. After we analyzed it, he tried it against Nakamura in the 2014 Tromso olympiad. Carlsen and his team also must have felt this was the best way for Black to approach the position.} 19. e5 Qe6 20. exd6 c4 $1 {This unusual move is the point behind 18...c5. Black keeps the center closed, and plans on capturing d6 next and creating mating threats after with ...c7.} 21. b3 cxb3 $146 (21... c3 {was how Rustam approached the position, and although it may be playable, he lost the game. Carlsen's choice is perhaps a better way to equalize.} 22. d5 Qxd6 23. Ra6 Nf4 24. Ra4 Ng6 25. Qd3 Bc7 26. f4 {Nakamura-Kasimdzhanov, Tromso ol 2014, and Black was outplayed.}) ({RR} 21... c3 22. d5 Qxd6 23. Ra6 Nf4 24. Ra4 Ng6 25. Qd3 Bc7 26. f4 Rfd8 27. Rd1 Qf6 28. Rc4 Bd6 29. Qxc3 Qxc3 30. Rxc3 Nxf4 31. Rc6 Be5 32. d6 Ne6 33. Bf5 Rxb3 34. Bb6 Rxb6 35. Rxb6 Nd4 36. f4 {Nakamura,H (2787)-Kasimdzhanov,R (2700) Tromsoe 2014 1-0 (42)}) 22. Bxb3 Qxd6 23. Ra6 {After 23 moves, we have reached a critical position, and one which was certainly analyzed by both players and their teams. Magnus sank into thought here, which perhaps means that he forgot what he had prepared, or that he was deciding between two roughly equivalent options.} Rfd8 ({Another option was to play} 23... Qd7 {immediately, and considering the xf7 tactics which happened later in the game, keeping the rook on f8 for now was worthy of consideration.} 24. Rg1 g6 {I have a feeling that this would have offered Black better chances for equality.}) 24. Rg1 Qd7 25. Rg4 {I thought that placing the rook on h4 was very strange, but there was no other convenient way of defending the d4-pawn. The next dozen or so moves are very difficult to explain. The position is highly concrete and it's likely both players were creating and reacting to immediate threats; the end result being very computeresque play.} ({The tempting sacrifice} 25. Rg5 g6 26. Rxh5 gxh5 {seems to lead nowhere.}) ({The computer suggestion of} 25. Bc4 Bxd4 26. Bg5 {would lead to a very drawish ending:} Rdc8 27. Ra4 Rc7 28. Bxf7+ Qxf7 29. Rxd4 Rf8 30. Rd8 Rc8 31. Rxc8 Rxc8 {, and White's winning chances are minimal}) 25... Nf6 26. Rh4 Qb5 27. Ra1 g6 {This move is generally useful, providing luft for Black's king.} 28. Rb1 Qd7 29. Qd3 Nd5 30. Rg1 {Now White's plans are clear. Rooks on the open files and a bishop on b3 pave the way for an eventual rook sacrifice on g6, h7 or a bishop sacrifice on f7. The immediate threat is g5.} Bc7 31. Bg5 Re8 32. Qc4 Rb5 $1 {An excellent move, but I'm not sure it was one which was accurately calculated by either player.} (32... Nb6 $4 33. Qxf7+ Qxf7 34. Bxf7+ Kxf7 35. Rxh7+ {shows the tactics available at White's disposal.}) 33. Qc2 (33. Ba4 {is of course critical. White seems to win a rook, but Black has a sneaky response:} Qf5 $1 34. Qf1 $1 {Interposing with the queen on g2 is the only way to save White. Now Black has only one move to stay in the game:} Rb1 $3 (34... Qxf3+ 35. Qg2 Qxg2+ 36. Kxg2 {wins for White.}) 35. Qxb1 Qxf3+ 36. Rg2 Nc3 37. Qf1 Nxa4 {, and Black has very decent compensation for the exchange in the form of White's uncoordinated forces and a mighty queen on f3. However, White could still try to regroup and play this for a win, even though a draw is the most likely result.}) 33... Ra8 $6 {After this, Black again experiences difficulties.} (33... Rb4 {is the machine recommendation, the point being to keep the rook on the e-file for} 34. Bd2 Re2 $1) 34. Bc4 Rba5 35. Bd2 Ra4 36. Qd3 Ra1 37. Rxa1 Rxa1+ 38. Kg2 Ne7 $2 {Almost the decisive mistake, but practically this move was difficult to punish.} ({After something like} 38... Bd8 39. Re4 Nf6 {, Black is still clearly worse, but he has decent chances to hold on due to counterplay against White's king.}) 39. Bxf7+ {Very tempting, but not correct. After this sacrifice everyone in the spectators' lounge got very excited and started predicting a win for Karjakin. However, the whole line becomes very forcing and leads to a drawish position.} (39. Qb3 $1 {was more critical:} Nf5 (39... Qf5 40. Re4 Bd6 41. Qb7 {just wins material - the knight is trapped.}) 40. Bxf7+ Kg7 (40... Qxf7 41. Qxf7+ Kxf7 42. Rxh7+ Ke6 43. Rxc7 {, and this ending is most likely lost or at least very difficult to hold.}) 41. Rh3 {It feels like Black should have counterplay here, but there is no path to create threats to White's king. It turns out Black's king is the terminally weak one.} Qe7 42. Bg8 h5 43. d5 {, and c3 is coming. Of course, this would not guarantee a win, as the position remains very complicated, especially in time trouble, but objectively Karjakin would have good winning chances like this.}) 39... Kxf7 40. Qc4+ Kg7 41. d5 ({My first thought during the game was} 41. Rxh7+ Kxh7 42. Qf7+ Kh8 43. Bh6 {, with mate I thought, but then I saw} Qxd4 {and the tables are turned. Black wins.}) (41. Bh6+ Kf6 $1 {is surprisingly also bad for White, as the attack leads nowhere.}) 41... Nf5 {Now everything is forced.} (41... Be5 $2 42. Bc3 Qd6 43. Qf4 $1 {is a very study-like win, with a double pin on Black's king and queen.}) 42. Bc3+ Kf8 43. Bxa1 Nxh4+ 44. Qxh4 Qxd5 {And here it became clear that Carlsen would not lose the game. White is not winning h7 and his pawn advantage is not enough to cause Black significant problems. Karjakin tried hard to create progress here, but to no avail.} 45. Qf6+ Qf7 46. Qd4 Ke8 47. Qe4+ Qe7 48. Qd5 Bd8 49. Kf1 Qf7 50. Qe4+ Qe7 51. Be5 Qe6 52. Kg2 Be7 53. Qa8+ Kf7 54. Qh8 h5 55. Qg7+ Ke8 56. Bf4 Qf7 57. Qh8+ Qf8 58. Qd4 Qf5 59. Qc4 Kd7 60. Bd2 Qe6 61. Qa4+ Qc6 62. Qa7+ Qc7 63. Qa2 Qd6 64. Be3 Qe6 65. Qa7+ Ke8 66. Bc5 Bd8 67. h3 Qd5 68. Be3 Be7 69. Qb8+ Kf7 70. Qh8 Qe6 71. Bf4 Qf6 72. Qb8 Qe6 73. Qb7 Kg8 74. Qb5 Bf6 {Finally Karjakin gave up trying to win. Magnus survived a difficult position! If he had lost, the match would have been practically decided, but now it is still a wide open contest. Tomorrow Carlsen has a critical game with White to try and win; he hasn't managed to convert his advantages so far in the match, so we'll see if he can pull through in the crucial last games.} 1/2-1/2

[Event "World-ch Carlsen-Karjakin +1-1=10"]
[Site "New York"]
[Date "2016.11.28"]
[Round "12"]
[White "Carlsen, Magnus"]
[Black "Karjakin, Sergey"]
[Result "1/2-1/2"]
[WhiteElo "2857"]
[BlackElo "2769"]
[Annotator "Seirawan,Yasser"]
[PlyCount "60"]
[EventDate "2016.11.11"]
[EventType "match"]
[EventRounds "12"]
[EventCountry "USA"]
[SourceTitle "CBM 176"]
[Source "ChessBase"]
[SourceDate "2017.01.17"]
[SourceVersion "1"]
[SourceVersionDate "2017.01.17"]
[SourceQuality "1"]

{While both players have much to lament, each receiving a sympathetic ear, let's face it: The arbiters have been brilliant. They have been out of sight and nary a word about them has been spoken. Out of the spotlight they have treble checked that bane of all chess players - the clock. The battery is functioning (good), the time control has been set to the right one (very good), the board and pieces have been set up correctly (most excellent).  And so it all comes down to this: After eleven hard fought games the twelfth and final game would be played for all the marbles. I wanted to describe the situation as high drama. But my 'Spidey sense' began to tingle as I considered the word. Blessed with a heightened sense of caution I decided to look up the current definition of the word. You see the English language changes. Nearly every day in fact. Just like the FIDE rules committee that loves to change the rules of chess, so to do the committees that define words in the English language. It can get pretty confusing.  To assuage my internal warnings I double-checked and learned something new while bringing myself up-to-date: drama: Top definition: "Something women and especially teenage girls thrive on. Consisting of any number of situations that have an easy solution, which would bring a fairly good outcome, but these girls choose another, shitty, bad way to deal with it, again consisting of backstabbing, blackmailing/gossiping/betraying their friends, or the all-too-common, "I want to break up with him but I still love him!" It drives men and what I like to call "normal" girls nuts." Urban Dictionary. Hmm. Right. Just as expected a surprising change. Oh boy, I'm already in trouble and this is before annotating move one. Somehow, I can't quite put my finger on it but the (for me) new definition just feels a tiny bit to be politically incorrect. I confess I'm not the most astute in such matters. Therefore, let us put high drama aside for a moment and instead set up the situation from a different point of view...  Many fans and even non-fans have asked me the question, "What makes one grandmaster stronger than another?" A fair question. Once when describing himself against his colleagues World Champion Mikhail Botvinnik saw himself, "As first amongst equals." It seems the top grandmasters know all the various chess skills and instead to find an answer to such a question we should consider the intangibles: Confidence; ambition; determination; good health; a supportive team; good food; a strong stomach; a working internet connection; staying regular and other key factors.  The twelfth game would require a supreme effort by both players featuring nerves of steel coupled with boundless energy. They would before the gong imagine a long, hard fought game where conquering their nerves and remaining calm at those crucial moments is vital. They would review their preparation to the best of their abilities while hoping to out-calculate their opponent in the heat of battle. Doing all the things that grandmasters do so well. But there is another intangible to consider as well: At such a moment are you capable of getting a good night's sleep? Don't laugh. It is an important question. Imagine yourself in the role of Challenger Sergey Karjakin. You are to have a career defining moment. An opportunity to become World Chess Champion. A dream come true. With so many thoughts and emotions racing through your mind, will you be able to recharge your battery for the biggest contest of your life?  But which player is carrying the bigger pressure? Same questions for Magnus Carlsen, the World Champion. Experts, pollsters and fans had all been unanimous predicting an easy match win. They were stone-cold wrong. Lucky to be at a level score, what risks should Magnus take to try to clinch the match? To go all in as White in the final game? As did Veselin Topalov with White against Viswanathan Anand in 2010? A decision which cost him the match... So many questions. So many worries and all you really want is to rest and recharge your battery. To sleep peacefully with pleasant dreams of victory. Perhaps such an ability, that one, to cast aside your concerns and get a good night sleep, is what makes one grandmaster stronger than another? Before the battle commenced, I wondered, would we see a real drama? Wait, now I'm certain that's not the word I want to use. In this preamble I've got it all wrong entangling myself in knots. I think National Basketball Association legend Michael Jordan said it best at such moments, "Go out and just enjoy the game. Don't think about the consequences. If you do, you'll freeze."} 1. e4 e5 2. Nf3 Nc6 3. Bb5 Nf6 4. O-O {A first indication that perhaps the "decisive" final Classical game in the match might not be all that decisive after all.} ({For Game 10, Magnus played} 4. d3 {keeping all the pieces on the board.}) 4... Nxe4 5. Re1 {Uh oh. The second indication the game is about to fizzle out.} Nd6 6. Nxe5 Be7 7. Bf1 Nxe5 8. Rxe5 O-O 9. d4 Bf6 10. Re1 {Not repeating Game 3, where Magnus tried:} (10. Re2 $5 {A move that didn't promise much but almost brought him great success.}) 10... Re8 {All according to modern theory as well as strategic principles. The e-file is open and therefore the chopping block for the major pieces.} 11. Bf4 Rxe1 12. Qxe1 Ne8 {The first moment of "excitement" quickly passes. I'm a notorious pawn-grabber but the d4-bait is poisonous:} (12... Bxd4 $6 13. Bxd6 cxd6 (13... Bxb2 $4 14. Bxc7 {simply wins for White}) 14. Nc3 {When I much prefer White's position. Black has difficulties developing while White's moves play themselves:} Rb8 15. Rd1 Be5 16. Nd5 {White's initiative is getting serious.}) 13. c3 d5 14. Bd3 g6 {Practice has proven that the symmetry in the position is hard to crack. With a draw being the most likely result.} 15. Na3 $6 {A confounding move. After all, where is the knight heading? I will certainly not claim that after the standard:} (15. Nd2 Ng7 16. Qe2 c6 17. Re1 Bf5 18. Bxf5 Nxf5 19. Nb3 {It is all "blue sky" for White. Truly, there is not much in the position but the chances for a pull lay in this direction.}) 15... c6 16. Nc2 Ng7 17. Qd2 {This one also had me perplexed. Trying my best to channel my "inner Magnus" I wrongly thought his knight maneuver was designed to cover the f5-square:} (17. Ne3 {seemed to be his intended follow-up. True, it does stop Black's ...c8-f5 plan but allows another in its stead:} Nh5 $1 18. Bh6 Bg5 19. Bxg5 Qxg5 {with a knight coming to the f4-square Black has solved all his opening problems.}) 17... Bf5 18. Bxf5 Nxf5 19. Ne3 Nxe3 20. Qxe3 Qe7 21. Qxe7 Bxe7 {The mutual hacking continues. The board is nearly empty. Just one last trade along the chopping block remains.} 22. Re1 Bf8 {I'm sorely tempted to give this move an exclamation mark. After all I'm a paid commentator and I have to earn my keep. That would make one for the whole game. In truth Black had a perfectly decent alternative as well.} (22... Re8 {Grandmasters do not make such moves: Walking into a "self-pin." However, there is no way for White to exploit the moment:} 23. Bg5 Kf8 24. Bh6+ Kg8 {Black is ready to play: ...f7-f6, and ...g8-f7, releasing the pin, with the time honored ritual of signing the scoresheets to follow.}) 23. Kf1 $146 ({RR} 23. f3 f6 24. Kf2 Kf7 25. g4 Re8 26. Rxe8 Kxe8 27. Ke2 {½-½ (27) Nogerbek,K (2370)-Korneev,O (2559) Tashkent 2019}) ({RR} 23. Bg5 Kg7 24. Be7 f6 25. Bxf8+ Kxf8 26. f4 Re8 27. Rxe8+ Kxe8 28. Kf2 {½-½ (28) Zhu,H (2163)-Jiang,Q (2238) Qiziwan CHN 2023}) 23... f6 24. g4 {This bold thrust does not hold the promise of a vicious attack, so hold the trumpets. Actually it is actually quite safe.} Kf7 25. h3 $1 {At last, I'm in a generous mood, "Give the man an exclam!" The text shows "understanding." In a bishop ending, pawns should be on the opposite colored squares from the bishop. The text also insures against adversity: The possibility of blundering a pawn is greatly reduced.} Re8 26. Rxe8 Kxe8 {The tasks along the chopping block have all been completed. The play must continue until move thirty. At least.} 27. Ke2 Kd7 28. Kd3 Ke6 29. a4 a6 30. f3 Be7 {Draw agreed. Oh boy. My preamble was longer than my notes to the game. Likely for good reasons. I'll leave it to other more gifted writers to share their thoughts on this downer. Instead, I'll just boldly state the obvious: A very disappointing conclusion to an intense World Championship match. Such games do not kindle interest in our glorious sport. Maybe I pegged it right after all? Perhaps Magnus did not get enough sleep? Now another rest day follows and on Wednesday the tension will be at its zenith as the title of who will be World Chess Champion will be decided by tiebreaks.} 1/2-1/2